| 000 | 00490nam a22001697a 4500 | ||
|---|---|---|---|
| 003 | OSt | ||
| 082 |
_a631.587 _bAKH/AU |
||
| 100 |
_aAkhila, P _94742 |
||
| 100 |
_aAkhil Satheesan _94743 |
||
| 100 |
_aFathima Farsana _94744 |
||
| 100 |
_aRoshni, R _94745 |
||
| 100 |
_aSreekala, P _94746 |
||
| 245 | _aAutomatic water level datalogger and application for data analysis | ||
| 260 |
_aTavanur _bDepartment of Irrigation and Drainage Engineering _c2020 |
||
| 700 | _aAnu Varughese | ||
| 942 | _cPR | ||
| 999 |
_c16323 _d16323 |
||